00791nam a2200193 a 450000100100000000500170001000800410002704000250006810000250009324500930011826000370021130000210024849000340026970000310030370000290033483000400036395201770040399900170058000004010920201002033925.0130807s1969 sp 000 0 spa d aDO-SdBNPbspacBNPHU1 aMercier, Paul96637210aHistoria de la antropología /cPaul Mercier ; traducción Agustina Fort, Carme Huera. aLa Habana :bPenínsula,c1969. a234 p. ;c21 cm.1 aHistoria ciencia Sociedadv411 aFort, Agustinattr.9663731 aHuera, Carmettr.966374 0aHistoria ciencia Sociedadv4194624 001050718MOaGRbGRcCTd2013-08-07iLF1l0o p40109-10r2020-06-25w2020-06-25y1zPerteneció a la biblioteca personal de Aída Cartagena PortalatínZNo se presta c39599d39599